00637nam a2200217Ia 4500008004000000020001500040041000800055082001300063100001800076245003900094260003500133300000800168650001100176650001300187650001200200650001500212690002200227906001100249999001900260952014000279210210b2007 xxu||||| |||| 00| 0 eng d a8180521923 aeng a547 BHUO aBHUTANI (S P) aOrganic chemistry: Selected topics aNew DelhibNot Mentionedc2007 a321 atopics aSelected aOrganic achemistry: aOrganic Chemistry a062364 c117399d117399 001040708ChemistryaALbALcChemistryd2021-02-17eKnowledge Worldg495.00l0o547 BHUOp062364r2021-02-17 00:00:00w2021-02-17yBK